000
00305nam a2200121Ia 4500
008
190216s9999||||xx |||||||||||||| ||und||
100
_a
Raman Pillai C V
245
0
_a
Marthandavarma
260
_b
Sahithya Pravarthaka Sahakarana Sangam
_c
1981
300
_a
225p
650
_a
Malayalam Novel
942
_c
BK
999
_c
25882
_d
25882